Imiona nadane dziewczynkom w 2013 roku - Statystyki

Ogólne statystyki
  • Ten quiz został rozwiązany 28 razy
  • Średni wynik to 67 z 100
Statystyki odpowiedzi
Odpowiedź % Poprawnych
H Hanna
94%
J Julia
94%
L Lena
94%
M Maja
94%
M Maya
94%
Z Zuzanna
94%
A Alicja
88%
A Amelia
88%
A Anna
88%
K Klaudia
88%
V Victoria
88%
W Weronika
88%
W Wiktoria
88%
Z Zofia
88%
A Aleksandra
82%
E Emilia
82%
K Karolina
82%
L Laura
82%
M Maria
82%
M Marta
82%
N Natalia
82%
O Olivia
82%
O Oliwia
82%
P Paulina
82%
A Agnieszka
76%
I Iga
76%
J Joanna
76%
K Katarzyna
76%
L Lilianna
76%
M Magdalena
76%
M Milena
76%
N Nicola
76%
N Nikola
76%
P Patrycja
76%
P Pola
76%
S Sara
76%
A Adrianna
71%
A Anastazja
71%
B Barbara
71%
B Blanka
71%
D Dominika
71%
D Dorota
71%
E Eliza
71%
E Ewa
71%
E Ewelina
71%
H Helena
71%
I Izabela
71%
K Kornelia
71%
Ł Łucja
71%
M Martyna
71%
R Róża
71%
S Sandra
71%
U Urszula
71%
A Agata
65%
B Bianka
65%
D Daria
65%
J Jessica
65%
K Kamila
65%
L Liliana
65%
M Małgorzata
65%
M Michalina
65%
M Monika
65%
N Nadia
65%
N Nina
65%
R Rozalia
65%
A Ada
59%
A Antonina
59%
D Diana
59%
G Gabriela
59%
J Jagoda
59%
J Justyna
59%
K Kaja
59%
K Kinga
59%
K Klara
59%
M Marcelina
59%
M Marianna
59%
N Nela
59%
O Olga
59%
S Sonia
59%
A Anita
53%
J Julita
53%
L Lidia
53%
M Malwina
53%
V Vanessa
53%
A Aurelia
47%
D Dagmara
47%
E Emma
47%
M Marlena
47%
M Matylda
47%
M Mia
47%
R Roksana
47%
A Aniela
41%
K Kalina
41%
N Nicole
41%
E Elena
35%
I Inga
35%
K Karina
35%
L Liwia
35%
M Marika
35%
N Natasza
35%
Nie znaleziono quizów pasujących do podanych kryteriów
Rozkład punktacji
Procent ludzi z każdym wynikiem
Percentyl według liczby udzielonych odpowiedzi
Twoja historia wyników
Nie rozwiązałeś tego quizu